Normal view
MARC view
- Sevillano García, María Luisa
Entry Nombre Personal
001 - NUMERO DE CONTROL
- campo de control: 30009
003 - IDENTIFICADOR DE NUMERO DE CONTROL
- campo de control: UPN
005 - FECHA Y HORA DE LA ÜLTIMA TRANSACCIÓN
- campo de control: 20221123101003.0
008 - DATOS DE LONGITUD FIJA
- campo de control de longitud fija: nabaccnnaabn|||||||||| b |nc|||||d
024 0# - OTROS IDENTIFICADORES NORMALIZADOS
- Fuente: orcid
- Número normalizado o código: 0000-0002-2841-8738
035 ## - NUMERO DE CONTROL
- Número de control: UPN11000002115
040 ## - FUENTE DE CATALOGACIÓN
- Lenguaje de catalogación: SPA
- Agencia original de catalogación: MX-MxUPN
100 1# - ENCABEZAMIENTO - NOMBRE PERSONAL
- Nombre personal: Sevillano García, María Luisa
370 ## - LUGAR ASOCIADO
- Associated country: España
371 ## - DIRECCIÓN
- Electronic mail address: mlsevillano@edu.uned.es
372 ## - CAMPO DE ACTIVIDAD
- Field of activity: Ciencias de la educación. Currículum. Medios de comunicación
- Field of activity: Tecnologías, Innovación educativa, educación a distancia
373 ## - GRUPO ASOCIADO
- Associated group: Universidad Nacional de Educación a Distancia. Facultad de Educación. Didáctica, Organización Escolar y Didácticas Especiales.
374 ## - OCUPACIÓN
- Occupation: Profesora - Investigadora universitaria
670 ## - FUENTE EN LA QUE SE LOCALIZARON DATOS
- Cita de la fuente: Biblioteca Nacional de España
- Información localizada: Estrategias innovadoras para una enseñanza de calidad
670 ## - FUENTE EN LA QUE SE LOCALIZARON DATOS
- Cita de la fuente: En sitio web: Universidad Nacional de Educación a Distancia
- Información localizada: (M Luisa Sevillano García)
- Enlace: https://www.uned.es/universidad/docentes/educacion/m-luisa-sevillano-garcia.html
902 ## - CATALOGADOR
- Catalogador: DAA/091008
- Catalogador: BLSM/231122
